Treatment of burns /

Bibliographic Details
Other Authors: Yang, Chih-chun, 1930-, Hsu, Wei-shia, Shi, Ji-xiang
Format: Book
Language:English
Published: Shanghai : Berlin ; New York : Shanghai Scientific and Technical Publishers ; Springer Verlag, 1982.
Subjects:

MARC

Tag First Indicator Second Indicator Subfields
LEADER 00000cam a22000008a 4500
001 in00000086336
005 20151008062650.0
008 811030s1982 cc a b 00100 eng
010 |a  81018463  
020 |a 0387107703 (U.S.) 
020 |a 3540107703 
035 |a (OCoLC)07945035 
035 |9 AAK0695AM 
039 0 |a 2  |b 3  |c 3  |d 3  |e 3 
040 |a DLC  |c DLC  |d TXA  |d UtOrBLW 
049 |a TXAM  |c [388504] 
050 0 0 |a RD96.4  |b  T73 
082 0 |a 617/.1106  |2 19 
245 0 0 |a Treatment of burns /  |c editors, Yang Chih-chun, Hsu Wei-shia, Shih Tsi-siang ; translation supervisor, Nyi Pao-chun. 
263 |a 8205 
264 1 |a Shanghai :  |b Shanghai Scientific and Technical Publishers ;  |a  Berlin ;  |a New York :  |b Springer Verlag,  |c 1982. 
300 |a xxiii, 402 pages :  |b illustrations (some color) ;  |c 25 cm. 
336 |a text  |b txt  |2 rdacontent 
337 |a unmediated  |b n  |2 rdamedia 
338 |a volume  |b nc  |2 rdacarrier 
500 |a Includes index. 
504 |a Bibliography: pages [383]-393. 
650 0 |a Burns and scalds. 
700 1 |a Yang, Chih-chun,  |d 1930- 
700 1 |a Hsu, Wei-shia. 
700 1 |a Shi, Ji-xiang. 
999 |a MARS 
999 f f |s 458854aa-d2de-3504-9471-a7ff0a3ce190  |i e3bfc23c-5824-3bb8-ad56-e084b32e2e17  |t 0 
952 f f |p ric  |a Texas A&M University  |b Rellis Campus  |c Joint Library Facility  |d Remote Storage  |t 0  |e RD96.4 T73  |h Library of Congress classification  |i unmediated -- volume  |m A14805957924 
998 f f |a RD96.4 T73  |t 0  |l Remote Storage